[Event "Match"]
[Site "www.echecsemail.com"]
[Date "2020.02.08"]
[Round "1"]
[White "Apdash"]
[Black "Hundegana"]
[WhiteElo "2280"]
[BlackElo "1950"]
[Result "1-0"]
[Round "1"]
1.e4 c5
2.Ng1f3 b6
3.d4 cxd4
4.Nf3xd4 Bc8b7
5.Nb1c3 g6
6.Bf1c4 e6
7.O-O Bf8g7
8.Bc1e3 Ng8e7
9.Qd1d2 O-O
10.a4 a6
11.f4 Kh8
12.f5 exf5
13.exf5 gxf5
14.Nd4xf5 Ne7xf5
15.Rf1xf5 f6
16.Ra1e1 d6
17.Nc3d5 Bb7xd5
18.Rf5xd5 Ra8a7
19.Be3d4 Ra7e7
20.Re1f1 Qd8c7
21.Bc4d3 Nb8c6
22.Rd5h5 Nc6xd4
23.Bd3xh7 Nd4e2
24.Kh1 Bg7h6
25.Rh5xh6 Re7xh7
26.Rh6xh7 Qc7xh7
27.Qd2xe2 Qh7g6
28.Qe2xa6 Qg6xc2
29.Qa6xb6 Qc2xa4
30.Qb6xd6 Kg7
31.Qd6g3 Kf7
32.Qg3d6 Kg7
33.Rf1e1 Qa4b3
34.Re1e7 Rf8f7
35.Re7xf7 Kxf7
36.Qd6c7 Ke6
37.Qc7c1 f5
38.h3 Kf7
39.Qc1c7 Kg6
40.Qc7d6 Kg5
41.Qd6e7 Kf4
42.Qe7h4 Ke5
43.Kh2 Qb3xb2
44.Qh4h8 Ke4
45.Qh8xb2 Kf4
46.Qb2d4 Kg5
47.g3 Kh5
48.Qd4f6 f4
49.g4 { resign }
1-0

[Event "Tourn. n10303"]
[Site "www.echecsemail.com"]
[Date "2020.02.08"]
[Round "1"]
[White "D4minance"]
[Black "Fantomas"]
[WhiteElo "2880"]
[BlackElo "2200"]
[Result "1-0"]
[Round "1"]
1.d4 Ng8f6
2.c4 e6
3.Nb1c3 d5
4.cxd5 exd5
5.Bc1g5 Bf8e7
6.e3 O-O
7.Bf1d3 h6
8.Bg5h4 c6
9.Qd1c2 Nb8a6
10.Bd3xa6 bxa6
11.Ng1f3 { resign }
1-0

[Event "1/8 Finale"]
[Site "www.chess-mail.com"]
[Date "2020.02.08"]
[Round "1"]
[White "Nimzo"]
[Black "Buchauer"]
[WhiteElo "2730"]
[BlackElo "2800"]
[Result "1/2-1/2"]
[Round "1"]
1.d4 d5
2.c4 e6
3.Nb1c3 Ng8f6
4.cxd5 exd5
5.Bc1g5 Bf8e7
6.e3 c6
7.Bf1d3 Nb8d7
8.h3 O-O
9.Bg5f4 Rf8e8
10.Ng1f3 Nd7f8
11.Qd1c2 g6
12.O-O-O Bc8e6
13.Kb1 Ra8c8
14.h4 Be6g4
15.Rd1d2 Qd8a5
16.Bf4g5 b5
17.Nf3e5 Bg4e6
18.a3 Qa5b6
19.Qc2c1 Nf8d7
20.Ne5xd7 Nf6xd7
21.Bg5xe7 Re8xe7
22.Rd2c2 c5
23.Bd3xb5 Nd7f6
24.dxc5 Rc8xc5
25.Bb5d3 Qb6b3
26.h5 Nf6xh5
27.Rh1h4 Re7b7
28.Nc3a4 { draw }
1/2-1/2

[Event "Fast Game"]
[Site "www.echecsemail.com"]
[Date "2020.02.08"]
[Round "1"]
[White "Hennie4820"]
[Black "Ardhitama"]
[WhiteElo "1520"]
[BlackElo "1599"]
[Result "1-0"]
[Round "1"]
1.e4 e5
2.Nb1c3 Ng8f6
3.Ng1f3 d6
4.Bf1c4 Bf8e7
5.O-O O-O
6.d3 a6
7.a3 b5
8.Bc4a2 Bc8b7
9.Bc1g5 h6
10.Bg5xf6 Be7xf6
11.Qd1e2 Nb8d7
12.Ra1d1 Nd7c5
13.Nc3d5 Nc5e6
14.Nd5xf6 Qd8xf6
15.h3 Ne6f4
16.Qe2e3 Bb7c8
17.Kh2 Bc8e6
18.Ba2xe6 Qf6xe6
19.Nf3g1 d5
20.g3 d4
21.Qe3f3 Nf4g6
22.Qf3e2 c5
23.f4 exf4
24.gxf4 Ng6xf4
25.Rf1xf4 Qe6e5
26.Qe2g4 f5
27.exf5 { resign }
1-0

[Event "Match"]
[Site "www.echecsemail.com"]
[Date "2020.02.09"]
[Round "1"]
[White "Apdash"]
[Black "Chapi"]
[WhiteElo "2170"]
[BlackElo "2120"]
[Result "1-0"]
[Round "1"]
1.e4 c5
2.Ng1f3 Nb8c6
3.d4 cxd4
4.Nf3xd4 e5
5.Nd4b3 Ng8f6
6.Nb1c3 Bf8b4
7.Bf1d3 O-O
8.Bc1d2 d6
9.O-O Bc8e6
10.f4 exf4
11.Rf1xf4 Nc6e5
12.Nc3d5 Nf6xd5
13.exd5 Bb4xd2
14.Qd1xd2 Be6xd5
15.Bd3xh7 Kxh7
16.Qd2xd5 Qd8g5
17.Ra1f1 Qg5g6
18.Qd5xb7 Qg6xc2
19.Rf4f2 Qc2c4
20.Qb7e7 Qc4d5
21.Rf2d2 Ne5d3
22.Rf1d1 Rf8e8
23.Qe7h4 Kg8
24.Rd2xd3 Qd5e5
25.Rd3h3 Kf8
26.Qh4b4 g6
27.Rd1xd6 Qe5e7
28.Rh3h8 Kg7
29.Qb4d4 { resign }
1-0

[Event "Tourn. n10199"]
[Site "www.echecsemail.com"]
[Date "2020.02.09"]
[Round "1"]
[White "Andychesston"]
[Black "Ditto"]
[WhiteElo "1950"]
[BlackElo "1900"]
[Result "0-1"]
[Round "1"]
1.e4 e5
2.Ng1f3 Nb8c6
3.d4 exd4
4.Nf3xd4 Nc6xd4
5.Qd1xd4 b6
6.Bf1e2 Bf8c5
7.Qd4xg7 Qd8f6
8.Qg7g3 Bc5d6
9.f4 Qf6d4
10.c3 Qd4xe4
11.O-O Bc8b7
12.Be2f3 Qe4g6
13.Bf3xb7 Ra8b8
14.Qg3xg6 hxg6
15.Bb7d5 Ng8f6
16.Bd5xf7 Kxf7
17.Nb1d2 Nf6g4
18.Nd2e4 Bd6e7
19.h3 Ng4h6
20.Ne4g3 Kg7
21.b4 Be7h4
22.Ng3h1 Nh6f5
23.Rf1f3 Bh4f6
24.Bc1b2 Kf7
25.Ra1d1 d6
26.Nh1f2 Rh8e8
27.g4 Nf5g7
28.g5 Bf6e7
29.c4 Ng7f5
30.Nf2g4 Nf5h4
31.Ng4h6 Ke6
32.Rf3e3 Kd7
33.Nh6f7 Re8f8
34.Nf7e5 Kc8
35.Ne5c6 Be7d8
36.Bb2g7 Rf8xf4
37.Re3e8 Kd7
38.Nc6xb8 Kxe8
39.Rd1f1 Bd8xg5
40.Rf1xf4 Bg5xf4
41.Nb8c6 Kf7
42.Bg7d4 Nh4f3
43.Kf2 Nf3xd4
44.Nc6xd4 Bf4e5
45.Nd4b5 a5
46.bxa5 bxa5
47.Nb5xc7 Be5c3
48.Nc7b5 Bc3b4
49.Kf3 Ke6
50.Ke4 g5
51.Nb5d4 Kf6
52.Kd5 Ke7
53.Nd4c6 Kd7
54.Nc6xb4 axb4
55.c5 dxc5
56.Kc4 Kd6
57.Kd3 Ke5
58.Kc4 Kd6
59.a4 bxa3
60.Kb3 Kd5
61.Kxa3 Kd4
62.Kb3 Kd3
63.Kb2 c4
64.Kc1 c3
65.Kd1 Ke3
66.Kc1 Kf3
67.Kc2 Kg3
68.Kxc3 Kxh3
69.Kd2 Kh2
70.Ke2 g4
{ resign }
0-1

[Event "Tourn. n10288"]
[Site "www.echecsemail.com"]
[Date "2020.02.09"]
[Round "1"]
[White "Tartan"]
[Black "Apdash"]
[WhiteElo "2440"]
[BlackElo "2280"]
[Result "1-0"]
[Round "1"]
1.d4 d5
2.c4 Ng8f6
3.cxd5 Qd8xd5
4.Nb1c3 Qd5d8
5.e4 e6
6.Ng1f3 Bf8e7
7.Bf1d3 O-O
8.O-O c5
9.dxc5 Be7xc5
10.e5 Nf6d5
11.Bd3xh7 Kh8
12.Nf3g5 g6
13.Qd1f3 Kg7
14.Qf3h3 f6
15.Bh7g8 fxe5
16.Qh3h7 Kf6
17.Nc3e4 Kf5
18.Qh7h3 { resign }
1-0

[Event "Tourn. n10282"]
[Site "www.echecsemail.com"]
[Date "2020.02.09"]
[Round "1"]
[White "Fereike"]
[Black "Andychesston"]
[WhiteElo "1820"]
[BlackElo "1850"]
[Result "0-1"]
[Round "1"]
1.e4 e5
2.d4 exd4
3.f4 Bf8b4
4.Bc1d2 Nb8c6
5.Bf1d3 d6
6.Ng1f3 Bc8g4
7.O-O Ng8f6
8.Qd1e1 Bb4c5
9.Kh1 O-O
10.Qe1h4 Bg4h5
 { time }
0-1

[Event "Match"]
[Site "www.echecsemail.com"]
[Date "2020.02.09"]
[Round "1"]
[White "Stevep84"]
[Black "Gimmyg"]
[WhiteElo "2280"]
[BlackElo "2580"]
[Result "0-1"]
[Round "1"]
1.e4 d5
2.exd5 Qd8xd5
3.Nb1c3 Qd5d8
4.d4 c6
5.Ng1f3 Bc8f5
6.Bf1d3 Bf5xd3
7.Qd1xd3 e6
8.Bc1f4 Ng8f6
9.O-O-O Bf8e7
10.Nf3e5 O-O
11.h4 Nf6d5
12.Bf4g5 f6
13.Ne5g4 fxg5
14.hxg5 Be7xg5
15.Kb1 Nd5xc3
16.bxc3 Rf8f5
17.Qd3h3 h6
18.g3 Rf5b5
19.Ka1 Qd8a5
20.Ng4xh6 gxh6
21.Qh3xe6 Kg7
22.Rd1d3 Qa5a3
23.Rh1b1 Rb5xb1
24.Kxb1 Qa3c1
{ resign }
0-1

[Event "Match"]
[Site "www.echecsemail.com"]
[Date "2020.02.09"]
[Round "1"]
[White "Bjonil60"]
[Black "Apdash"]
[WhiteElo "1440"]
[BlackElo "2260"]
[Result "0-1"]
[Round "1"]
1.Ng1h3 d5
2.d4 Ng8f6
3.e3 c5
4.c3 e6
5.Qd1e2 Nb8c6
6.Nb1a3 cxd4
7.cxd4 Bf8xa3
8.bxa3 O-O
9.Qe2d3 e5
10.Bc1b2 exd4
11.exd4 Rf8e8
12.Kd2 Nf6e4
13.Kc2 Ne4d6
14.f3 Bc8f5
15.Qd3xf5 Nd6xf5
16.g4 Nf5xd4
17.Kb1 Re8e1
18.Bb2c1 Qd8b6
19.Bf1b5 Qb6xb5

0-1

[Event "Match"]
[Site "www.echecsemail.com"]
[Date "2020.02.09"]
[Round "1"]
[White "Chapi"]
[Black "Ztornad"]
[WhiteElo "2080"]
[BlackElo "1920"]
[Result "1-0"]
[Round "1"]
1.d4 d5
2.c4 c6
3.cxd5 Qd8xd5
4.Nb1c3 Qd5a5
5.Bc1d2 Qa5b6
6.Bd2c1 Bc8d7
7.Ng1f3 f6
8.e4 Nb8a6
9.Bc1e3 Qb6xb2
10.Nc3a4 Qb2b4
11.Be3d2 Qb4d6
12.Bf1e2 Bd7g4
13.O-O Bg4xf3
14.Be2xf3 Qd6xd4
15.Ra1b1 b5
16.Na4c3 e5
17.Bf3e2 Bf8b4
18.Nc3xb5 Qd4b6
19.Nb5d6 Ke7
20.Nd6f5 Kd7
21.Bd2xb4 Kc8
22.Nf5d6 Kb8
23.Bb4d2 Qb6xb1
24.Qd1xb1 Kc7
25.Qb1b7 Kxd6
26.Qb7xa8 Na6c7
27.Qa8d8 Kc5
28.Qd8xc7 Ng8h6
29.Bd2e3 Kb4
30.Rf1b1 Kc3
31.Qc7xc6 
1-0

[Event "Tourn. n10274"]
[Site "www.echecsemail.com"]
[Date "2020.02.09"]
[Round "1"]
[White "Madz123456"]
[Black "Picifarkinca"]
[WhiteElo "1800"]
[BlackElo "1890"]
[Result "1-0"]
[Round "1"]
1.e4 c5
2.Ng1f3 Nb8c6
3.Bf1b5 d5
4.exd5 Qd8xd5
5.Nb1c3 Qd5e6
6.Bb5e2 a6
7.d4 cxd4
8.Nf3xd4 Nc6xd4
9.Qd1xd4 Ng8f6
10.Bc1g5 Bc8d7
11.O-O-O Bd7c6
12.Rh1e1 Qe6d7
13.Qd4f4 Qd7c8
14.Bg5xf6 gxf6
15.Be2c4 Bf8g7
16.Re1xe7 Kxe7
17.Qf4d6 { resign }
1-0

[Event "Tourn. n10229"]
[Site "www.echecsemail.com"]
[Date "2020.02.09"]
[Round "1"]
[White "Osopanda"]
[Black "Fereike"]
[WhiteElo "1630"]
[BlackElo "1590"]
[Result "1-0"]
[Round "1"]
1.e4 e5
2.Ng1f3 Ng8f6
3.Nb1c3 Nb8c6
4.d4 exd4
5.Nf3xd4 Bf8e7
6.Bc1e3 d6
7.Bf1b5 Bc8d7
8.Nd4xc6 bxc6
9.Bb5e2 O-O
10.O-O c5
11.f3 Ra8b8
12.b3 c6
13.Qd1e1 Bd7e6
14.Nc3d1 d5
15.exd5 cxd5
16.c3 Qd8a5
17.Be3d2 Qa5b6
18.c4 d4
19.Be2d3 Be7d6
20.Nd1f2 Qb6c7
21.Nf2e4 Bd6xh2
22.Kh1 Bh2f4
23.Bd2xf4 Qc7xf4
24.Ne4xf6 Qf4xf6
25.Qe1g3 Qf6h6
26.Qg3h2 Qh6xh2
27.Kxh2 Rb8b6
28.Ra1e1 a5
29.Re1e5 Rf8c8
30.f4 Be6d7
31.Rf1e1 Rb6h6
32.Kg3 Kf8
33.f5 Rc8e8
34.Re5xe8 Bd7xe8
35.Re1e5 Rh6c6
36.Kf4 f6
37.Re5d5 Be8f7
38.g4 Bf7xd5
39.cxd5 Rc6d6
40.Ke4 Ke7
41.Bd3e2 Rd6d8
42.Be2c4 Kd6
43.a4  { time }
1-0

[Event "Tourn. n10173"]
[Site "www.echecsemail.com"]
[Date "2020.02.09"]
[Round "1"]
[White "Tartan"]
[Black "Jaroslavpech"]
[WhiteElo "2500"]
[BlackElo "2680"]
[Result "1/2-1/2"]
[Round "1"]
1.e4 e5
2.Ng1f3 Nb8c6
3.Bf1b5 a6
4.Bb5a4 Ng8f6
5.O-O Nf6xe4
6.d4 b5
7.Ba4b3 d5
8.dxe5 Bc8e6
9.c3 Bf8c5
10.Nb1d2 O-O
11.Bb3c2 Ne4xf2
12.Rf1xf2 f6
13.exf6 Bc5xf2
14.Kxf2 Qd8xf6
15.Nd2f1 Nc6e5
16.Bc1e3 Ra8e8
17.Be3c5 Ne5xf3
18.gxf3 Rf8f7
19.Nf1g3 Be6g4
20.Kg1 Qf6xf3
21.Qd1xf3 Rf7xf3
22.Kg2 h5
23.Bc2g6 Re8e6
24.Bg6xh5 Rf3xg3
25.Kxg3 Bg4xh5
26.a4 Re6g6
27.Kf2 Rg6f6
28.Kg2 bxa4
29.Ra1xa4 Rf6c6
30.Bc5d4 Bh5e2
31.Ra4a1 Kf7
32.Kf2 Be2b5
33.Ra1g1 g6
34.Rg1g3 a5
35.Rg3f3 Ke7
36.Rf3e3 Kd7
37.Kg3 Rc6e6
38.Re3xe6 Kxe6
39.Kf4 Kd6
40.Bd4e5 Kc6
41.Be5d4 Bb5c4
42.Bd4f6 Kb5
43.Ke3 Ka4
44.Kd2 Kb3
45.Kc1 a4
46.Bf6d8 c6
47.Bd8e7 Bc4d3
48.h4 Bd3b5
49.Be7f8 Bb5e2
50.Bf8e7 Kc4
51.Kd2 Be2f1
52.Be7f8 Bf1g2
53.Bf8e7 c5
54.Be7f6 Bg2e4
55.Bf6g7 d4
56.cxd4 cxd4
57.Bg7f6 { draw }
1/2-1/2

[Event "Fast Game"]
[Site "www.echecsemail.com"]
[Date "2020.02.09"]
[Round "1"]
[White "Said13"]
[Black "Koudelka"]
[WhiteElo "1599"]
[BlackElo "1599"]
[Result "0-1"]
[Round "1"]
1.c4 e5
2.Nb1c3 Ng8f6
3.g3 Bf8c5
4.Bf1g2 O-O
5.d3 Nb8c6
6.Ng1f3 d6
7.O-O Qd8d7
8.a3 Rf8e8
9.b4 Bc5b6
10.e3 Qd7f5
11.Bc1b2 a6
12.Ra1c1 Qf5h5
13.Nf3d2 Bc8g4
14.Qd1b3 Ra8d8
15.Nc3d5 Nf6xd5
16.cxd5 Nc6e7
17.a4 Ne7f5
18.a5 Nf5xe3
19.axb6 Ne3xf1
20.Bg2xf1 cxb6
21.b5 Bg4e2
22.Rc1c7 Be2xf1
23.Nd2xf1 axb5
24.Qb3xb5 Qh5f3
25.Rc7xb7 h5
26.Nf1e3 Rd8a8
27.Rb7xb6 Re8c8
28.Qb5d7 Kh7
29.Qd7f5 Qf3xf5
30.Ne3xf5 Ra8b8
31.Rb6c6 Rc8d8
32.Bb2a3 Rb8b3
33.Rc6xd6 Rd8c8
34.Rd6a6 Rc8c2
35.d6 Rb3xd3
 { time }
0-1

[Event "Tourn. n10287"]
[Site "www.echecsemail.com"]
[Date "2020.02.10"]
[Round "1"]
[White "Roque1"]
[Black "Fereike"]
[WhiteElo "1770"]
[BlackElo "1820"]
[Result "1-0"]
[Round "1"]
1.e4 c5
2.Ng1f3 g6
3.Bf1b5 a6
4.Bb5c4 e6
5.O-O b5
6.Bc4e2 Bc8b7
7.d3 Bf8g7
8.Bc1g5 Ng8e7
9.Nb1d2 O-O
10.c3 d6
11.Nd2b3 Nb8c6
12.Qd1c2 Ra8c8
13.Rf1d1 f6
14.Bg5h4  { time }
1-0

[Event "Tourn. n10287"]
[Site "www.echecsemail.com"]
[Date "2020.02.10"]
[Round "1"]
[White "Fereike"]
[Black "Dussek"]
[WhiteElo "1820"]
[BlackElo "1900"]
[Result "0-1"]
[Round "1"]
1.e4 c5
2.Nb1c3 Nb8c6
3.Ng1e2 d6
4.g3 a6
5.Bf1g2 e5
6.Nc3d5 Ng8f6
7.d3 g6
8.O-O Bf8g7
9.c3 O-O
 { time }
0-1

[Event "Tourn. n10234"]
[Site "www.echecsemail.com"]
[Date "2020.02.10"]
[Round "1"]
[White "Reignblowcan"]
[Black "Numanoid"]
[WhiteElo "2610"]
[BlackElo "2740"]
[Result "1/2-1/2"]
[Round "1"]
1.d4 d5
2.c4 e6
3.Ng1f3 c5
4.e3 Nb8c6
5.Nb1c3 Ng8f6
6.cxd5 Nf6xd5
7.Bf1c4 Nd5xc3
8.bxc3 Bf8e7
9.O-O O-O
10.e4 b6
11.Bc1e3 cxd4
12.cxd4 Bc8b7
13.Qd1e2 Ra8c8
14.Rf1d1 Qd8c7
15.d5 Nc6b4
16.Ra1c1 exd5
17.Bc4xd5 Qc7b8
18.Bd5b3 Bb7a6
19.Rc1xc8 Qb8xc8
20.Qe2d2 Rf8d8
21.Be3d4 Ba6c4
22.Rd1c1 b5
23.Nf3e5 Nb4c6
24.Bb3xc4 bxc4
25.Rc1xc4 Rd8xd4
26.Ne5xc6 Rd4xd2
27.Nc6xe7 Kf8
28.Rc4xc8 Kxe7
29.g3 Rd2xa2
{ draw }
1/2-1/2

[Event "Match"]
[Site "www.echecsemail.com"]
[Date "2020.02.10"]
[Round "1"]
[White "Micheles"]
[Black "Fegatux"]
[WhiteElo "2600"]
[BlackElo "2280"]
[Result "1-0"]
[Round "1"]
1.d4 Ng8f6
2.Ng1f3 d6
3.Bc1g5 e6
4.Nb1d2 Bf8e7
5.e4 c6
6.c3 Nb8d7
7.e5 dxe5
8.dxe5 Nf6g4
9.Bg5xe7 Qd8xe7
10.Nd2c4 O-O
11.g3 f6
12.Qd1e2 b5
13.exf6 Qe7xf6
14.Nc4d2 Bc8b7
15.Bf1g2 c5
16.O-O c4
17.a4 a6
18.axb5 axb5
19.Ra1xa8 Bb7xa8
20.Nf3d4 Ba8xg2
21.Kxg2 Ng4e5
22.Nd4xb5 Rf8b8
23.Nb5d4 Rb8xb2
24.Nd2e4 Qf6g6
25.Ne4f6 Nd7xf6
26.Qe2xb2 h6
27.Qb2b8 { resign }
1-0

[Event "Match"]
[Site "www.echecsemail.com"]
[Date "2020.02.10"]
[Round "1"]
[White "Jesmantiz"]
[Black "Roma753"]
[WhiteElo "2090"]
[BlackElo "2190"]
[Result "1-0"]
[Round "1"]
1.d4 f5
2.e3 Ng8f6
3.Bf1d3 e6
4.Nb1d2 b6
5.f3 Bc8b7
6.Ng1h3 Bf8e7
7.O-O O-O
8.c4 h6
9.Nh3f4 Qd8e8
10.a3 Qe8f7
11.e4 fxe4
12.fxe4 d6
13.e5 { resign }
1-0

[Event "Match"]
[Site "www.echecsemail.com"]
[Date "2020.02.10"]
[Round "1"]
[White "Chessutopia"]
[Black "Micheles"]
[WhiteElo "1799"]
[BlackElo "2610"]
[Result "1-0"]
[Round "1"]
1.b3 e5
2.Bc1b2 d6
3.c4 Nb8c6
4.Nb1c3 g6
5.g3 Bf8g7
6.Bf1g2 Ng8e7
7.d3 O-O
8.Qd1d2 Bc8e6
9.h4 h5
10.Ng1h3 f6
11.Nc3d5 Be6f7
12.e4 a5
13.f4 Bf7e6
14.O-O Be6d7
15.Ra1e1 Bg7h6
16.Qd2d1 Bd7g4
17.Qd1b1 Bh6g7
18.a3 Bg4d7
19.Kh2 Ra8b8
20.Qb1c2 Bd7g4
21.Nh3f2 Bg4d7
22.Nf2h3 Bd7g4
23.Nh3f2 Bg4d7
24.Bb2a1 b6
25.Nf2h3 Bd7g4
26.Nd5e3 Bg4c8
27.f5 Bg7h6
28.Ne3d5 gxf5
29.Qc2d1 Ne7xd5
30.cxd5 Nc6e7
31.Qd1xh5 Bh6g7
32.exf5 Bc8b7
33.d4 Ne7xd5
34.Bg2e4 a4
35.Qh5f3 c6
36.g4 axb3
37.Qf3xb3 Kh8
38.g5 Rb8c8
39.Qb3d1 Rc8c7
40.dxe5 dxe5
41.Qd1h5 Kg8
42.Ba1xe5 fxe5
43.f6 { resign }
1-0

[Event "Match"]
[Site "www.echecsemail.com"]
[Date "2020.02.10"]
[Round "1"]
[White "Roma753"]
[Black "Chapi"]
[WhiteElo "2190"]
[BlackElo "2100"]
[Result "0-1"]
[Round "1"]
1.d4 d5
2.Bc1f4 Ng8f6
3.e3 Bc8f5
4.Ng1f3 Nb8c6
5.h3 Nc6b4
6.Nb1a3 e6
7.c3 Nb4c6
8.Na3b5 Ra8c8
9.Nb5xc7 Rc8xc7
10.Bf4xc7 Qd8xc7
11.Bf1d3 Bf5xd3
12.Qd1xd3 Bf8d6
13.O-O O-O
14.Ra1c1 Nf6e4
15.a3 Nc6a5
16.Qd3c2 Qc7c4
17.Rc1b1 Na5b3
{ resign }
0-1

[Event "Tourn. n10287"]
[Site "www.echecsemail.com"]
[Date "2020.02.10"]
[Round "1"]
[White "Passaroa25"]
[Black "Fereike"]
[WhiteElo "1710"]
[BlackElo "1820"]
[Result "1-0"]
[Round "1"]
1.Nb1c3 c5
2.Nc3e4 e6
3.Ne4c3 Nb8c6
4.Ng1f3 d5
5.e4 d4
6.Nc3e2 e5
7.d3 Bf8e7
8.Bc1d2  { time }
1-0

[Event "Match"]
[Site "www.echecsemail.com"]
[Date "2020.02.10"]
[Round "1"]
[White "Fereike"]
[Black "Dussek"]
[WhiteElo "1810"]
[BlackElo "1900"]
[Result "0-1"]
[Round "1"]
1.e4 c6
2.d4 d5
3.Nb1c3 dxe4
4.Nc3xe4 Bc8f5
5.Ne4g3 Bf5g6
6.f4 h6
7.Ng1f3 Nb8d7
8.f5 Bg6h7
 { time }
0-1

[Event "Tourn. n10266"]
[Site "www.echecsemail.com"]
[Date "2020.02.10"]
[Round "1"]
[White "Claudia"]
[Black "Fantomas"]
[WhiteElo "2130"]
[BlackElo "2170"]
[Result "1-0"]
[Round "1"]
1.d4 e6
2.c4 d5
3.Nb1c3 Ng8f6
4.cxd5 Nf6xd5
5.e4 Nd5b6
6.Ng1f3 Bf8e7
7.Bf1d3 O-O
8.O-O Nb8d7
9.e5 Rf8e8
10.Bc1f4 Nd7f8
11.h3 a6
12.Ra1c1 Nb6d5
13.Bf4g3 Nd5b4
14.Bd3b1 c5
15.a3 Nb4c6
16.d5 exd5
17.Nc3xd5 Bc8e6
18.Nd5xe7 Qd8xe7
19.Qd1c2 c4
20.Rc1d1 Nf8g6
21.h4 h6
22.h5 Ng6f8
23.Nf3d4 Nc6xd4
24.Rd1xd4 Ra8d8
25.Rf1d1 Rd8xd4
26.Rd1xd4 Re8c8
27.f4 f5
28.exf6 Qe7xf6
29.Rd4d6 Qf6e7
30.f5 Be6f7
31.f6 gxf6
32.Qc2f5 Bf7e6
33.Qf5f4 Qe7g7
34.Bg3h4 Rc8e8
35.Bh4xf6 Qg7g4
36.Qf4xh6 Qg4g3
37.Bb1g6 { resign }
1-0

[Event "Fast Game"]
[Site "www.echecsemail.com"]
[Date "2020.02.10"]
[Round "1"]
[White "Patriciomeza"]
[Black "Hennie4820"]
[WhiteElo "1599"]
[BlackElo "1520"]
[Result "1-0"]
[Round "1"]
1.e4 c5
2.Ng1f3 e6
3.d4 cxd4
4.Nf3xd4 Ng8f6
5.Nb1c3 Qd8b6
6.Nd4b5 a6
7.e5 Nf6d5
8.Nc3xd5 exd5
9.Bc1e3 Qb6a5
10.Be3d2 Qa5b6
11.Nb5c3 Nb8c6
12.Nc3xd5  { time }
1-0

[Event "Fast Game"]
[Site "www.echecsemail.com"]
[Date "2020.02.10"]
[Round "1"]
[White "Agmdiazj"]
[Black "Patriciomeza"]
[WhiteElo "1749"]
[BlackElo "1599"]
[Result "0-1"]
[Round "1"]
1.d4 d5
2.c4 c6
3.Nb1c3 Ng8f6
4.Ng1f3 dxc4
5.a4 Bc8f5
6.e3 e6
7.Bf1xc4 Bf8b4
8.O-O O-O
9.Qd1e2 Nb8d7
10.e4 Bf5g6
11.Bc4d3 Bg6h5
12.e5 Nf6d5
13.Nc3e4 Bb4e7
14.h3 c5
15.g4 Bh5g6
16.Bc1e3 cxd4
17.Be3xd4 Nd5f4
18.Qe2e3 Nf4xd3
19.Qe3xd3 Nd7c5
{ resign }
0-1

[Event "Match"]
[Site "www.echecsemail.com"]
[Date "2020.02.11"]
[Round "1"]
[White "Cal"]
[Black "Mb20"]
[WhiteElo "1740"]
[BlackElo "1809"]
[Result "0-1"]
[Round "1"]
1.c4 Ng8f6
2.Nb1c3 g6
3.e4 d6
4.d4 Bf8g7
5.h3 O-O
6.Ng1f3 e5
7.d5 a5
8.Bc1g5 Nb8a6
9.Bf1d3 Qd8e8
10.O-O Nf6h5
11.Nf3h4 h6
12.Bg5e3 Na6b4
13.Nc3b5 Nb4xd3
14.Qd1xd3 Qe8e7
15.a4 Qe7xh4
16.c5 Qh4e7
17.Qd3c4 c6
18.Nb5xd6 cxd5
19.exd5 e4
20.Nd6xe4 Bg7xb2
21.Ra1b1 Bb2g7
22.d6 Qe7d7
23.g4 Nh5f6
24.Be3xh6 Nf6xe4
25.Qc4xe4 Bg7xh6
26.f4 Bh6g7
27.Rf1c1 Qd7c6
28.Qe4e3 Bc8d7
29.Rc1c4 Rf8e8
30.Qe3f2 Re8e4
31.Rb1b6 Qc6d5
32.Rc4xe4 Qd5xe4
33.Rb6b3 Bd7c6
34.Kf1 Ra8e8
35.f5 Qe4h1
36.Qf2g1 Re8e1
{ resign }
0-1

[Event "Tourn. n10259"]
[Site "www.echecsemail.com"]
[Date "2020.02.11"]
[Round "1"]
[White "Osopanda"]
[Black "Fereike"]
[WhiteElo "1600"]
[BlackElo "1670"]
[Result "1-0"]
[Round "1"]
1.e4 e5
2.Ng1f3 Nb8c6
3.Bf1b5 a6
4.Bb5a4 b5
5.Ba4b3 d6
6.c3 Nc6a5
7.Bb3c2 c5
8.d4 Qd8c7
9.O-O cxd4
10.cxd4 exd4
11.Nf3xd4 Ng8f6
12.Nb1c3 Bc8b7
13.Bc1e3 Na5c4
14.Be3c1 Bf8e7
15.Rf1e1 O-O
16.b3 Nc4e5
17.Bc1b2 Rf8e8
18.Nd4f5 Be7f8
19.Ra1c1 Ra8d8
20.Nc3d5 Bb7xd5
21.exd5 Qc7b7
22.h3 g6
23.Nf5e3 Bf8g7
24.Bb2xe5 dxe5
25.d6 Qb7b6
26.g4  { time }
1-0

[Event "Match"]
[Site "www.echecsemail.com"]
[Date "2020.02.11"]
[Round "1"]
[White "Apdash"]
[Black "Estonia"]
[WhiteElo "2270"]
[BlackElo "1890"]
[Result "1-0"]
[Round "1"]
1.e4 c5
2.Ng1f3 Nb8c6
3.d4 cxd4
4.Nf3xd4 e5
5.Nd4b3 Ng8f6
6.Bc1g5 Bf8e7
7.Nb1c3 O-O
8.Bf1e2 d6
9.O-O h6
10.Bg5xf6 Be7xf6
11.Nc3d5 Bc8e6
12.c4 Be6xd5
13.cxd5 Nc6a5
14.Nb3xa5 Qd8xa5
15.Qd1b3 Ra8c8
16.Rf1c1 Bf6g5
17.Rc1xc8 Rf8xc8
18.Qb3xb7 Rc8c2
19.b4 Qa5a3
20.Be2f1 Qa3b2
21.Ra1e1 Qb2xa2
22.Qb7b8 Kh7
23.Qb8xd6 f6
24.Qd6a6 Qa2xa6
25.Bf1xa6 Rc2b2
26.b5 Bg5d2
27.Re1d1 Bd2c3
28.d6 Bc3a5
29.d7 Ba5d8
30.g3 g6
31.f4 exf4
32.gxf4 Kg7
33.e5 fxe5
34.fxe5 Rb2e2
35.Rd1d5 Kf7
36.b6 Re2e1
37.Kg2 axb6
38.Kf3 g5
39.Kg4 Re1e4
40.Kf3 Re4f4
41.Ke3 Ke7
42.Ba6c8 Rf4h4
43.Rd5d6 Rh4xh2
44.Rd6g6 Rh2h3
45.Ke4 Rh3h1
46.Rg6g7 Kf8
47.Rg7g6 Kf7
48.Rg6d6 Rh1h4
49.Ke3 Rh4h1
50.Ke4 Rh1h4
51.Kd5 g4
52.Bc8a6 g3
53.e6 Ke7
54.Ba6f1 Rh4f4
55.Bf1h3 Rf4h4
56.Bh3f1 Rh4g4
57.Bf1g2 h5
58.Rd6c6 Rg4g5
59.Ke4 h4
60.Kf4 Rg5b5
61.Bg2h3 Rb5b2
62.Kf3 Rb2f2
63.Kg4 g2
64.Rc6c1 Rf2e2
65.Kxh4 b5
66.Kg3 b4
67.Bh3xg2 Re2xe6
68.Bg2h3 Re6b6
69.Rc1e1 Kf7
70.Re1e8 Rb6b8
71.Bh3e6 Kf6
72.Be6b3 Kf5
73.Kf3 Kf6
74.Ke4 Kg7
75.Kd5 Kf6
76.Re8e6 Kf7
77.Kc5 Bd8e7
78.Kc6 Rb8a8
79.Kb7 Ra8a3
80.Re6e3 Kf8
81.Re3f3 { resign }
1-0

[Event "Match"]
[Site "www.echecsemail.com"]
[Date "2020.02.11"]
[Round "1"]
[White "Apdash"]
[Black "Liencam2"]
[WhiteElo "2220"]
[BlackElo "2210"]
[Result "1-0"]
[Round "1"]
1.e4 c5
2.Ng1f3 e6
3.d4 cxd4
4.Nf3xd4 a6
5.Bf1c4 Ng8f6
6.e5 Qd8a5
7.c3 Qa5xe5
8.Bc1e3 b5
9.Bc4e2 Bc8b7
10.O-O Bf8e7
11.Be2f3 d5
12.g3 Qe5c7
13.Bf3g2 Nb8d7
14.Nb1d2 O-O
15.a4 bxa4
16.Ra1xa4 Bb7c6
17.Nd4xc6 Qc7xc6
18.Qd1a1 Rf8b8
19.b4 Nd7e5
20.Nd2b3 Ne5c4
21.Nb3a5 Qc6c7
22.Be3f4 Nc4d6
23.c4 dxc4
24.Bg2xa8 Rb8xa8
25.Rf1c1 Nf6d5
26.Rc1xc4 Qc7d8
27.Na5c6 Qd8e8
28.Nc6xe7 Qe8xe7
29.Bf4xd6 Qe7xd6
30.b5 Nd5b6
31.Rc4c6 Qd6d8
32.Ra4xa6 Ra8b8
33.Ra6xb6 Rb8xb6
34.Rc6xb6 { resign }
1-0

[Event "Tourn. n10287"]
[Site "www.echecsemail.com"]
[Date "2020.02.11"]
[Round "1"]
[White "Fereike"]
[Black "Iko"]
[WhiteElo "1820"]
[BlackElo "1790"]
[Result "0-1"]
[Round "1"]
1.e4 e5
2.Ng1f3 Nb8c6
3.Bf1c4 d6
4.d4 Bc8g4
5.Bc1e3 Nc6xd4
6.Be3xd4 Bg4xf3
7.Bc4xf7 Kxf7
8.Qd1xf3 Ke8
9.Bd4c3 Qd8d7
10.Nb1d2 Ng8f6
11.O-O-O Qd7g4
 { time }
0-1

[Event "Tourn. n10256"]
[Site "www.echecsemail.com"]
[Date "2020.02.11"]
[Round "1"]
[White "Fereike"]
[Black "Osopanda"]
[WhiteElo "1650"]
[BlackElo "1660"]
[Result "0-1"]
[Round "1"]
1.g3 e5
2.Bf1g2 d5
3.c4 c6
4.cxd5 cxd5
5.d3 Nb8c6
6.Qd1b3 Ng8f6
7.Bc1g5 Bf8e7
8.e3 O-O
9.Ng1e2 d4
10.Bg2xc6 bxc6
11.exd4 exd4
12.O-O Bc8e6
13.Qb3c2 Ra8c8
14.Nb1d2 c5
15.Nd2c4 Nf6d5
16.Bg5xe7 Qd8xe7
17.a3 Be6h3
18.Rf1e1 Qe7b7
19.Nc4d6 Qb7c6
20.Nd6e4 c4
21.Ne2xd4 Qc6g6
22.Ra1c1 cxd3
23.Qc2xd3 Rc8xc1
24.Re1xc1 Bh3f5
25.Nd4xf5 Qg6xf5
26.Rc1c5 Rf8d8
27.Ne4f6 Qf5xf6
 { time }
0-1

[Event "Tourn. n10257"]
[Site "www.echecsemail.com"]
[Date "2020.02.11"]
[Round "1"]
[White "Osopanda"]
[Black "Fereike"]
[WhiteElo "1660"]
[BlackElo "1650"]
[Result "1-0"]
[Round "1"]
1.d4 g6
2.c4 c5
3.Ng1f3 Bf8g7
4.e3 cxd4
5.exd4 d5
6.Nb1c3 Ng8f6
7.Bc1g5 Bc8e6
8.Ra1c1 O-O
9.cxd5 Nf6xd5
10.Nc3xd5 Be6xd5
11.Bf1e2 Nb8c6
12.O-O Bd5xf3
13.Be2xf3 Nc6xd4
14.Bf3xb7 Ra8b8
15.Bb7a6 Qd8b6
16.Ba6c4 Nd4e6
17.Bg5xe7 Rf8e8
18.Be7d6 Rb8d8
19.Bc4xe6 Rd8xd6
20.Be6d5 Re8d8
21.Bd5xf7 Kxf7
22.Qd1f3 Bg7f6
23.h3 Qb6xb2
24.Rc1c7 Rd8d7
25.Rc7xd7 Rd6xd7
26.g3 Kg7
27.h4 Qb2xa2
28.Qf3c6  { time }
1-0

[Event "Tourn. n10280"]
[Site "www.echecsemail.com"]
[Date "2020.02.11"]
[Round "1"]
[White "Destructor"]
[Black "Tartan"]
[WhiteElo "2510"]
[BlackElo "2440"]
[Result "1-0"]
[Round "1"]
1.e4 e6
2.d4 d5
3.Nb1c3 Bf8b4
4.e5 Qd8d7
5.Qd1g4 f5
6.Qg4g3 b6
7.Ng1h3 Bc8a6
8.Bf1xa6 Nb8xa6
9.Nh3f4 Qd7f7
10.Nf4xe6 { resign }
1-0

[Event "1/64 Finale"]
[Site "www.chess-mail.com"]
[Date "2020.02.11"]
[Round "1"]
[White "Vega"]
[Black "Hennie4820"]
[WhiteElo "2610"]
[BlackElo "2100"]
[Result "1-0"]
[Round "1"]
1.e4 c5
2.Ng1f3 e6
3.d4 cxd4
4.Nf3xd4 Ng8f6
5.Nb1c3 d6
6.Bc1e3 a6
7.Qd1f3 Bf8e7
8.O-O-O O-O
9.e5 dxe5
10.Nd4xe6 Bc8xe6
11.Rd1xd8 { resign }
1-0